Idaho Counties by Population - Statistics

General Stats
  • This quiz has been taken 35 times
  • The average score is 32 of 44
Answer Stats
Population County % Correct
511,931 Ada
100%
127,930 Bonneville
100%
243,115 Canyon
100%
179,789 Kootenai
100%
92,243 Twin Falls
100%
88,263 Bannock
90%
48,876 Bingham
86%
49,491 Bonner
86%
53,881 Madison
86%
40,313 Latah
81%
42,454 Nez Perce
81%
28,827 Elmore
76%
32,202 Jefferson
76%
24,766 Blaine
71%
25,164 Cassia
71%
792 Clark
71%
19,792 Gem
71%
15,772 Gooding
71%
17,040 Idaho
71%
24,662 Jerome
71%
21,955 Minidoka
71%
4,625 Adams
67%
6,545 Bear Lake
67%
9,931 Benewah
67%
8,094 Boise
67%
12,561 Boundary
67%
2,654 Butte
67%
1,139 Camas
67%
4,428 Custer
67%
13,592 Fremont
67%
8,162 Lemhi
67%
12,336 Owyhee
67%
26,350 Payette
67%
7,950 Power
67%
13,612 Shoshone
67%
12,267 Teton
67%
7,111 Caribou
62%
14,666 Franklin
62%
3,715 Lewis
62%
4,611 Oneida
62%
12,241 Valley
62%
10,898 Washington
62%
8,895 Clearwater
57%
5,282 Lincoln
57%
No matching quizzes found
Score Distribution
Percent of People with Each Score
Percentile by Number Answered
Your Score History
You have not taken this quiz